Sieťové a informačné technológie celoškolský seminár, Nitra 7.2.2001

Salvato in:
Dettagli Bibliografici
Ente Autore: Sieťové informačné technológie. Celoškolský seminár
Natura: Libro
Lingua:slovacco
inglese
Pubblicazione: Nitra Slovenská poľnohospodárska univerzita v Nitre 2001
Soggetti:
Tags: Aggiungi Tag
Nessun Tag, puoi essere il primo ad aggiungerne!!

MARC

LEADER 00000nam$a2200000$$$4500
001 0092359
005 20240104092457.4
020 |a 80-7137-816-X 
041 0 |a slo 
041 0 |a eng 
044 |a SK 
245 1 0 |a Sieťové a informačné technológie  |b celoškolský seminár, Nitra 7.2.2001 
264 1 |a Nitra  |b Slovenská poľnohospodárska univerzita v Nitre  |c 2001 
300 |a 93 s. 
610 2 0 |a technológie informačné 
610 2 0 |a siete počítačové 
610 2 0 |a systémy informačné 
610 2 0 |a internet 
610 2 0 |a školy vysoké 
610 2 0 |a knižnice 
610 2 0 |a hardvér 
610 2 0 |a softvér 
110 2 |a Sieťové informačné technológie. Celoškolský seminár